Every Song by the Wallflowers - Statistics

General Stats
  • This quiz has been taken 3 times
  • The average score is 45 of 84
Answer Stats
Album Song % Correct
Glad All Over(2012) First One in the Car
100%
Glad All Over(2012) Hospital for Sinners
100%
Exit Wounds(2021) I Hear the Ocean (When I Wanna Hear Trains)
100%
Exit Wounds(2021) I'll Let You Down (But I Will Not Give You Up)
100%
Glad All Over(2012) Love Is a Country
100%
Bringing Down the Horse(1996) One Headlight
100%
Glad All Over(2012) Reboot the Mission
100%
Exit Wounds(2021) Who's That Man Walking 'Round My Garden
100%
Bringing Down the Horse(1996) 6th Avenue Heartache
50%
The Wallflowers(1992) After the Blackbird Sings
50%
Rebel, Sweetheart(2005) All Things New Again
50%
Bringing Down the Horse(1996) Angel on My Bike
50%
The Wallflowers(1992) Another One in the Dark
50%
The Wallflowers(1992) Ashes to Ashes
50%
The Wallflowers(1992) Asleep at the Wheel
50%
Rebel, Sweetheart(2005) Back to California
50%
The Wallflowers(1992) Be Your Own Girl
50%
(Breach)(2000) Birdcage
50%
Bringing Down the Horse(1996) Bleeders
50%
Red Letter Days(2002) Closer to You
50%
Glad All Over(2012) Constellation Blues
50%
Exit Wounds(2021) Darlin' Hold On
50%
Rebel, Sweetheart(2005) Days of Wonder
50%
Collected: 1996–2005(2009) Eat You Sleeping
50%
Red Letter Days(2002) Empire in My Mind
50%
Red Letter Days(2002) Everybody Out of the Water
50%
Red Letter Days(2002) Everything I Need
50%
Red Letter Days(2002) Feels Like Summer Again
50%
The Wallflowers(1992) For the Life of Me
50%
Rebel, Sweetheart(2005) From the Bottom of My Heart
50%
Bringing Down the Horse(1996) God Don't Make Lonely Girls
50%
Rebel, Sweetheart(2005) God Says Nothing Back
50%
(Breach)(2000) Hand Me Down
50%
Glad All Over(2012) Have Mercy on Him Now
50%
Red Letter Days(2002) Health and Happiness
50%
Rebel, Sweetheart(2005) Here He Comes (Confessions of a Drunken Marionette)
50%
Red Letter Days(2002) Here in Pleasantville
50%
The Wallflowers(1992) Hollywood
50%
The Wallflowers(1992) Honeybee
50%
Rebel, Sweetheart(2005) How Far You've Come
50%
Red Letter Days(2002) How Good It Can Get
50%
Rebel, Sweetheart(2005) I Am a Building
50%
Red Letter Days(2002) If You Never Got Sick
50%
Bringing Down the Horse(1996) Invisible City
50%
Glad All Over(2012) It's a Dream
50%
Glad All Over(2012) It Won't Be Long (Till We're Not Wrong Anymore)
50%
(Breach)(2000) I've Been Delivered
50%
Bringing Down the Horse(1996) I Wish I Felt Nothing
50%
Bringing Down the Horse(1996) Josephine
50%
Rebel, Sweetheart(Bonus)(2005) Just One Breath Away
50%
Bringing Down the Horse(1996) Laughing Out Loud
50%
(Breach)(2000) Letters from the Wasteland
50%
Exit Wounds(2021) Maybe Your Heart's Not In It No More
50%
Glad All Over(2012) Misfits and Lovers
50%
(Breach)(2000) Mourning Train
50%
Exit Wounds(2021) Move the River
50%
(Breach)(2000) Murder 101
50%
Rebel, Sweetheart(2005) Nearly Beloved
50%
Glad All Over(2012) One Set of Wings
50%
Exit Wounds(2021) Roots and Wings
50%
Red Letter Days(2002) See You When I Get There
50%
The Wallflowers(1992) Shy of the Moon
50%
The Wallflowers(1992) Sidewalk Annie
50%
(Breach)(2000) Sleepwalker
50%
The Wallflowers(1992) Somebody Else's Money
50%
(Breach)(2000) Some Flowers Bloom Dead
50%
The Wallflowers(1992) Sugarfoot
50%
Rebel, Sweetheart(2005) The Beautiful Side of Somewhere
50%
Exit Wounds(2021) The Daylight Between Us
50%
Glad All Over(2012) The Devil's Waltz
50%
Bringing Down the Horse(1996) The Difference
50%
Exit Wounds(2021) The Dive Bar In My Heart
50%
Rebel, Sweetheart(2005) The Passenger
50%
Bringing Down the Horse(1996) Three Marlenas
50%
Red Letter Days(2002) Three Ways
50%
Red Letter Days(2002) Too Late to Quit
50%
(Breach)(2000) Up from Under
50%
Rebel, Sweetheart(2005) We're Already There
50%
Red Letter Days(2002) When You're on Top
50%
(Breach)(2000) Witness
50%
Exit Wounds(2021) Wrong End of the Spear
50%
(Breach)(Hidden)(2000) Babybird
0%
Rebel, Sweetheart(Bonus)(2005) Nothing to See Here
0%
Bringing Down the Horse(Bonus)(1996) Used to Be Lucky
0%
No matching quizzes found
Score Distribution
Percent of People with Each Score
Percentile by Number Answered
Your Score History
You have not taken this quiz